Facile synthesis of functionalized nano-silica: Effect of microstructure on the physical properties of LSR (Record no. 59218)

MARC details
000 -LEADER
fixed length control field 00530nam a2200181Ia 4500
100 ## - MAIN ENTRY--AUTHOR NAME
Personal name Senthil Kumar
245 #0 - TITLE STATEMENT
Title Facile synthesis of functionalized nano-silica: Effect of microstructure on the physical properties of LSR
260 ## - PUBLICATION, DISTRIBUTION, ETC. (IMPRINT)
Name of publisher Rubber World
Year of publication 2009
300 ## - PHYSICAL DESCRIPTION
Number of Pages 25-29
700 ## - ADDED ENTRY--PERSONAL NAME
Personal name Gupta Samik
700 ## - ADDED ENTRY--PERSONAL NAME
Personal name Nagaralli Basavaraj
700 ## - ADDED ENTRY--PERSONAL NAME
Personal name Saxena Anubhav
700 ## - ADDED ENTRY--PERSONAL NAME
Personal name Srikanth Abirami
700 ## - ADDED ENTRY--PERSONAL NAME
Personal name Steinberger Helmut
700 ## - ADDED ENTRY--PERSONAL NAME
Personal name Tiwari Sandip
942 ## - ADDED ENTRY ELEMENTS (KOHA)
Koha item type Journals
Holdings
Withdrawn status Lost status Damaged status Not for loan Home library Current library Date acquired Serial Enumeration / chronology Koha item type
      Journals RRII Library RRII Library 23/10/2009 Volume 240, Issue 3 Journals